<?xml version="1.0" encoding="UTF-8"?>
<record
    xmlns:xsi="http://www.w3.org/2001/XMLSchema-instance"
    xsi:schemaLocation="http://www.loc.gov/MARC21/slim http://www.loc.gov/standards/marcxml/schema/MARC21slim.xsd"
    xmlns="http://www.loc.gov/MARC21/slim">

  <leader>01222nam0a22003011  4500</leader>
  <controlfield tag="001">rc\445092</controlfield>
  <controlfield tag="005">20250621085843.0</controlfield>
  <datafield tag="035" ind1=" " ind2=" ">
    <subfield code="a">(NLR Aleph) 005690592</subfield>
  </datafield>
  <datafield tag="090" ind1=" " ind2=" ">
    <subfield code="a">7171626</subfield>
    <subfield code="c">7171626</subfield>
  </datafield>
  <datafield tag="100" ind1=" " ind2=" ">
    <subfield code="a">20030616d1988    |||y0rusy50      ca</subfield>
  </datafield>
  <datafield tag="101" ind1="0" ind2=" ">
    <subfield code="a">rus</subfield>
  </datafield>
  <datafield tag="102" ind1=" " ind2=" ">
    <subfield code="a">RU</subfield>
  </datafield>
  <datafield tag="105" ind1=" " ind2=" ">
    <subfield code="a">a   |||||||||</subfield>
  </datafield>
  <datafield tag="200" ind1="1" ind2=" ">
    <subfield code="a">&#x421;&#x43A;&#x430;&#x437;&#x43A;&#x438; &#x430;&#x440;&#x43C;&#x44F;&#x43D;&#x441;&#x43A;&#x438;&#x445; &#x43F;&#x438;&#x441;&#x430;&#x442;&#x435;&#x43B;&#x435;&#x439;</subfield>
    <subfield code="e">[&#x421;&#x431;&#x43E;&#x440;&#x43D;&#x438;&#x43A;</subfield>
    <subfield code="e">&#x41F;&#x435;&#x440;. &#x441; &#x430;&#x440;&#x43C;.</subfield>
    <subfield code="f">&#x421;&#x43E;&#x441;&#x442;. &#x438; &#x43F;&#x440;&#x435;&#x434;&#x438;&#x441;&#x43B;. &#x421;. &#x413;&#x443;&#x43B;&#x43B;&#x430;&#x43A;&#x44F;&#x43D;</subfield>
    <subfield code="g">&#x425;&#x443;&#x434;&#x43E;&#x436;. &#x412;.&#x426;. &#x422;&#x43E;&#x43F;&#x447;&#x44F;&#x43D;]</subfield>
  </datafield>
  <datafield tag="210" ind1=" " ind2=" ">
    <subfield code="a">&#x415;&#x440;&#x435;&#x432;&#x430;&#x43D;</subfield>
    <subfield code="c">&#x421;&#x43E;&#x432;&#x435;&#x442;&#x430;&#x43A;&#x430;&#x43D; &#x433;&#x440;&#x43E;&#x445;</subfield>
    <subfield code="d">1988</subfield>
  </datafield>
  <datafield tag="215" ind1=" " ind2=" ">
    <subfield code="a">350, [1] &#x441;.</subfield>
    <subfield code="c">&#x438;&#x43B;.</subfield>
    <subfield code="d">21</subfield>
  </datafield>
  <datafield tag="327" ind1="1" ind2=" ">
    <subfield code="a">&#x421;&#x43E;&#x434;&#x435;&#x440;&#x436;.: &#x410;&#x432;&#x442;.: &#x413;. &#x410;&#x433;&#x430;&#x44F;&#x43D;, &#x41E;. &#x422;&#x443;&#x43C;&#x430;&#x43D;&#x44F;&#x43D;, &#x410;. &#x418;&#x441;&#x430;&#x430;&#x43A;&#x44F;&#x43D;, &#x412;. &#x41F;&#x430;&#x43F;&#x430;&#x437;&#x44F;&#x43D;, &#x421;. &#x417;&#x43E;&#x440;&#x44C;&#x44F;&#x43D;</subfield>
  </datafield>
  <datafield tag="464" ind1=" " ind2="0">
    <subfield code="1">700#1$a&#x410;&#x433;&#x430;&#x44F;&#x43D;$b&#x413;.</subfield>
    <subfield code="a">&#x410;&#x433;&#x430;&#x44F;&#x43D;, &#x413;.</subfield>
  </datafield>
  <datafield tag="464" ind1=" " ind2="0">
    <subfield code="1">700#1$a&#x422;&#x443;&#x43C;&#x430;&#x43D;&#x44F;&#x43D;$b&#x41E;.</subfield>
    <subfield code="a">&#x422;&#x443;&#x43C;&#x430;&#x43D;&#x44F;&#x43D;, &#x41E;.</subfield>
  </datafield>
  <datafield tag="464" ind1=" " ind2="0">
    <subfield code="1">700#1$a&#x418;&#x441;&#x430;&#x430;&#x43A;&#x44F;&#x43D;$b&#x410;.</subfield>
    <subfield code="a">&#x418;&#x441;&#x430;&#x430;&#x43A;&#x44F;&#x43D;, &#x410;.</subfield>
  </datafield>
  <datafield tag="464" ind1=" " ind2="0">
    <subfield code="1">700#1$a&#x41F;&#x430;&#x43F;&#x430;&#x437;&#x44F;&#x43D;$b&#x412;.</subfield>
    <subfield code="a">&#x41F;&#x430;&#x43F;&#x430;&#x437;&#x44F;&#x43D;, &#x412;.</subfield>
  </datafield>
  <datafield tag="464" ind1=" " ind2="0">
    <subfield code="1">700#1$a&#x417;&#x43E;&#x440;&#x44C;&#x44F;&#x43D;$b&#x421;.</subfield>
    <subfield code="a">&#x417;&#x43E;&#x440;&#x44C;&#x44F;&#x43D;, &#x421;.</subfield>
  </datafield>
  <datafield tag="702" ind1=" " ind2="1">
    <subfield code="a">&#x413;&#x443;&#x43B;&#x43B;&#x430;&#x43A;&#x44F;&#x43D;</subfield>
    <subfield code="b">&#x421;.&#x410;.</subfield>
    <subfield code="g">&#x421;&#x44E;&#x437;&#x430;&#x43D;&#x43D;&#x430; &#x410;&#x440;&#x43C;&#x435;&#x43D;&#x43E;&#x432;&#x43D;&#x430;</subfield>
    <subfield code="4">220</subfield>
  </datafield>
  <datafield tag="801" ind1=" " ind2="0">
    <subfield code="a">RU</subfield>
    <subfield code="b">NLR</subfield>
    <subfield code="g">psbo</subfield>
  </datafield>
  <datafield tag="801" ind1=" " ind2="1">
    <subfield code="a">RU</subfield>
    <subfield code="b">ELAR</subfield>
    <subfield code="2">rusmarc</subfield>
  </datafield>
  <datafield tag="852" ind1=" " ind2=" ">
    <subfield code="a">NLR</subfield>
    <subfield code="j">89-3/464</subfield>
  </datafield>
  <datafield tag="942" ind1=" " ind2=" ">
    <subfield code="c">BOOK</subfield>
  </datafield>
  <datafield tag="980" ind1=" " ind2=" ">
    <subfield code="a">NB</subfield>
  </datafield>
  <datafield tag="995" ind1=" " ind2=" ">
    <subfield code="5">2013-10-26</subfield>
    <subfield code="b">NLR01</subfield>
    <subfield code="c">NLR01</subfield>
    <subfield code="e">RF9</subfield>
    <subfield code="f">1-2354019</subfield>
    <subfield code="k">89-3/464</subfield>
    <subfield code="o">0</subfield>
    <subfield code="r">BOOK</subfield>
    <subfield code="s">893464_</subfield>
  </datafield>
</record>
